Anthropology in action / (Record no. 13276)

MARC details
000 -LEADER
fixed length control field 00625nam a22002052 4500
001 - CONTROL NUMBER
control field 0000009758
005 - DATE AND TIME OF LATEST TRANSACTION
control field 20151217155843.0
008 - FIXED-LENGTH DATA ELEMENTS--GENERAL INFORMATION
fixed length control field 081126s xx 000 0 eng d
040 ## - CATALOGING SOURCE
Original cataloging agency KABU
Transcribing agency KABU
100 1# - MAIN ENTRY--PERSONAL NAME
Personal name Brown, G. Gordon.
-- 0000161522
245 10 - TITLE STATEMENT
Title Anthropology in action /
Statement of responsibility, etc. G. Gordon Brown and A. McD. Bruce Hutt.
250 ## - EDITION STATEMENT
Edition statement 1st ed.
260 ## - PUBLICATION, DISTRIBUTION, ETC. (IMPRINT)
Place of publication, distribution, etc. London :
Name of publisher, distributor, etc. O. U. P.,
Date of publication, distribution, etc. 1935.
300 ## - PHYSICAL DESCRIPTION
Extent xviii, 272 p.
650 #0 - SUBJECT ADDED ENTRY--TOPICAL TERM
Topical term or geographic name as entry element Hehe (African people)
-- 0000161523
650 #0 - SUBJECT ADDED ENTRY--TOPICAL TERM
Topical term or geographic name as entry element Ethnology
Geographic subdivision Tanzania.
-- 0000161286
852 1# - LOCATION
-- p200 KES
908 ## - PUT COMMAND PARAMETER (RLIN)
Put command parameter 081126
950 ## - LOCAL HOLDINGS (RLIN)
-- 1
Holdings
Withdrawn status Lost status Source of classification or shelving scheme Not for loan Home library Current library Date acquired Total Checkouts Full call number Barcode Date last seen Price effective from Koha item type
    Library of Congress Classification   Kabarak, Main Campus Kabarak, Main Campus 17/12/2015   DT449 .I7B76 c. 1 15614 17/12/2015 17/12/2015 Africana Collection
Designed with assistance from East African Informatics Ltd